00515nam a22001697a 450000500170000001000150001702000270003203500140005903700140007308200200008710000190010724500600012626000630018627000550024930000190030470000220032320251007113858.0 aENG-146961 c3000.00a9788195553396 aEN-130493 bDBADaDPL a910.9169305421 aShyamli Singh  aThe Elusive Ganga/cShyamli Singh [and] Vinod K. Sharma aNew DelhibIndian Institute of Public Administrationc2024 aIndraprastha Estate, Ring Road bNew Delhie110002 avpp.c29cm(Hb) aSharma, Vinod K.